| 000 | 00872nam a22002417a 4500 | ||
|---|---|---|---|
| 999 |
_c11293 _d11293 |
||
| 003 | AR-CdUCM | ||
| 008 | 190403b ||||| |||| 00| 0 spa d | ||
| 020 | _a958-05-0594-2 | ||
| 040 |
_aMUNICIPALIDAD PROVINCIAL DEL CUSCO _cBIBLIOTECA MUNICIPAL DEL CUSCO |
||
| 082 |
_aEP / 372.460 / _bB26 |
||
| 100 |
_aBastidas Collazos, Alfonso _928591 |
||
| 245 | _aAbanico del Lenguaje 3 / | ||
| 260 |
_aColombia : _bEducar Editores ; _c1992. |
||
| 300 |
_a132 páginas ; _bIlustraciones _c27 cm |
||
| 440 |
_aEducación Básica Primaria _nEspañol y Literatura _928592 |
||
| 500 | _aEducación primaria 3ro | ||
| 505 | _aContenido: Lectura y comprensión -- Lectura e interpretación -- Narración oral de cuentos -- Lecturas... | ||
| 650 |
_aLecturas _96094 |
||
| 650 |
_aLenguaje _93528 |
||
| 650 |
_aEducación primaria _91561 |
||
| 942 |
_2ddc _cLIBROS |
||
| 945 | _anom | ||